000 00647nam a2200193Ia 4500
008 151121s9999||||xx |||||||||||||| ||und||
082 _a127/किणीक
082 _bHNW-6882
100 _aकिणीकर रॉय
245 _aत्या तिथे पलिकडे
260 _b"नाग-विदर्भ प्रकाशन, अमरावती।"
260 _c--
300 _a191
600 _aकिणीकर रॉय
630 _aत्या तिथे पलिकडे
700 _aकिणीकर रॉय
730 _aत्या तिथे पलिकडे
942 _cBOOK
999 _c1214045
_d1214042